000 01143nam a2200265 a 4500
999 _c490118
_d490118
003 BLK
005 20250531113004.0
008 210901b bu |||||r|||| 00| | bu d
020 _a9789542841715
040 _aBLK
041 _aBUL
_cBUL
080 _aАмериканска литература (на САЩ)
_b821.111(73)
_z821.111(73)-31
_x-31
100 _9487073
_aРивърс, Франсин
_eпърви автор
139 _aРивърс, Франсин
_bР 58
245 _aИзкупителна любов
_c Франсин Ривърс, прев. Стоянка Сербезова-Леви.
260 _9217021
_aСофия
_bСиела Норма
_c2023
_f ([София] : Алианс принт)
300 _a252 с.
_c21 см
380 _aX
500 _aОриг загл.: Redeeming Love/ Francine Riveras
700 _9243864
_aСербезова, Стоянка Минчева
_eпрев. от англ.
_qСербезова-Леви, Стоянка Минчева
852 _bП
856 _i0.00
_ldisable
942 _cKNG
_n0
_s1
_040
944 _aCR
_c2023-03-24
_k30545
_lНора Радева